Tahdhīb Sīrat Ibn Hishām / (Record no. 45782)
[ view plain ]
| 000 -LEADER | |
|---|---|
| fixed length control field | 00713cam a22002291 4500 |
| 001 - CONTROL NUMBER | |
| control field | ne 63000780 |
| 003 - CONTROL NUMBER IDENTIFIER | |
| control field | DLC |
| 005 - DATE AND TIME OF LATEST TRANSACTION | |
| control field | 20260227111744.0 |
| 008 - FIXED-LENGTH DATA ELEMENTS--GENERAL INFORMATION | |
| fixed length control field | 890514s1955 ua 000 0bara |
| 010 ## - LIBRARY OF CONGRESS CONTROL NUMBER | |
| LC control number | ne 63000780 |
| 035 ## - SYSTEM CONTROL NUMBER | |
| System control number | (OCoLC)23495606 |
| 040 ## - CATALOGING SOURCE | |
| Original cataloging agency | DLC |
| Transcribing agency | MiU |
| Modifying agency | OCl |
| -- | DLC |
| 042 ## - AUTHENTICATION CODE | |
| Authentication code | premarc |
| 050 00 - LIBRARY OF CONGRESS CALL NUMBER | |
| Classification number | BP75 |
| Item number | .I2 1955 |
| 100 2# - MAIN ENTRY--PERSONAL NAME | |
| Personal name | Ibn Hishām, ʻAbd al-Malik, |
| Dates associated with a name | -834. |
| 245 10 - TITLE STATEMENT | |
| Title | Tahdhīb Sīrat Ibn Hishām / |
| Statement of responsibility, etc. | ʻAbd al-Salām Hārūn. |
| 260 ## - PUBLICATION, DISTRIBUTION, ETC. | |
| Place of publication, distribution, etc. | al-Qāhirah : |
| Name of publisher, distributor, etc. | Dār Saʻd Miṣr, |
| Date of publication, distribution, etc. | 1955. |
| 300 ## - PHYSICAL DESCRIPTION | |
| Extent | 2v. ; |
| Dimensions | 25 cm. |
| 600 00 - SUBJECT ADDED ENTRY--PERSONAL NAME | |
| Personal name | Muḥammad, |
| Titles and other words associated with a name | Prophet, |
| Dates associated with a name | -632. |
| 700 1# - ADDED ENTRY--PERSONAL NAME | |
| Personal name | Hārūn, ʻAbd al-Salām Muḥammad. |
| 700 22 - ADDED ENTRY--PERSONAL NAME | |
| Personal name | Ibn Hishām, ʻAbd al-Malik, |
| Dates associated with a name | -834. |
| Title of a work | Sīrat Rasūl Allāh. |
No items available.